[Event "Championnat de France - Open A"]
[Site "Pau"]
[Date "2008.08.19"]
[Round "7.56"]
[White "Bressac, Stephane"]
[Black "Durandeau, Jean-Marie"]
[Result "1/2-1/2"]
[WhiteElo "2028"]
[BlackElo "1956"]
[PlyCount "89"]

1. e4 c5 2. Nf3 Nc6 3. d4 cxd4 4. Nxd4 Nf6 5. Nc3 e5 6. Ndb5 d6 7. Bg5 a6 8.
Na3 b5 9. Nd5 Be7 10. Bxf6 Bxf6 11. c4 b4 12. Nc2 a5 13. g3 Bg5 14. Bg2 O-O 15.
O-O f5 16. exf5 Bxf5 17. Nde3 Bxc2 18. Nxc2 Ne7 19. Bxa8 Qxa8 20. Qxd6 Qe4 21.
Ne1 Qxc4 22. Qxe5 Rf5 23. Qb8+ Rf8 24. Qb7 Nd5 25. Ng2 Bf6 26. Rad1 Bd4 27. Kh1
Nf6 28. b3 Qc5 29. Nf4 Ng4 30. Qd5+ Qxd5+ 31. Nxd5 Rxf2 32. Rxd4 Rxf1+ 33. Kg2
Rf2+ 34. Kg1 Rxh2 35. Rxg4 Rxa2 36. Rf4 g5 37. Rf5 h6 38. Nf6+ Kg7 39. Nh5+ Kh7
40. g4 a4 41. Rf3 a3 42. Nf6+ Kg7 43. Nh5+ Kg8 44. Nf6+ Kg7 45. Nh5+ 1/2-1/2

[Event "Championnat de France - Open A"]
[Site "Pau"]
[Date "2008.08.19"]
[Round "7.57"]
[White "Hurpeau, Jean-Marc"]
[Black "Loiseau, Quentin"]
[Result "0-1"]
[WhiteElo "1966"]
[BlackElo "2028"]
[PlyCount "68"]

1. d4 Nf6 2. Nf3 g6 3. c4 Bg7 4. g3 O-O 5. Bg2 c5 6. Nc3 d5 7. cxd5 Nxd5 8. e4
Nxc3 9. bxc3 Nc6 10. Be3 Bg4 11. e5 Qd7 12. Qa4 Nxd4 13. Qxd7 Nxf3+ 14. Bxf3
Bxd7 15. Bxc5 Bxe5 16. O-O Bxc3 17. Rab1 Bh3 18. Rfc1 Bd2 19. Rd1 Bg5 20. Rxb7
Rfd8 21. Rbb1 Rxd1+ 22. Rxd1 Rc8 23. Bxa7 e5 24. Ra1 Bc1 25. Bg2 Bf5 26. a4 Bb2
27. Re1 Rc4 28. a5 Bc3 29. Rc1 Ra4 30. Bc6 Rxa5 31. Rxc3 Rxa7 32. Kg2 Rc7 33.
Rc4 Be6 34. Rc5 Rxc6 0-1

[Event "Championnat de France - Open A"]
[Site "Pau"]
[Date "2008.08.19"]
[Round "7.58"]
[White "Ruch, Bernard"]
[Black "Brunier, Jules"]
[Result "1-0"]
[WhiteElo "2022"]
[BlackElo "1937"]
[PlyCount "95"]

1. d4 e6 2. c3 f5 3. g3 d5 4. Bg2 Bd6 5. Nh3 Nf6 6. Bf4 c6 7. Nd2 O-O 8. e3 b6
9. Bf3 Qe7 10. Qc2 Ne4 11. O-O-O c5 12. Bxe4 fxe4 13. dxc5 Bxf4 14. Nxf4 bxc5
15. h4 Bb7 16. Rhf1 e5 17. Ne2 Ba6 18. c4 Nc6 19. a3 Na5 20. Nc3 dxc4 21. Ndxe4
Nb3+ 22. Kb1 Rab8 23. Rd6 Bb7 24. Rfd1 Nd4 25. exd4 cxd4 26. Nd5 Bxd5 27. Rxd5
c3 28. b4 Rxb4+ 29. axb4 Qxb4+ 30. Ka1 Qa3+ 31. Qa2 c2 32. R5xd4+ Qxa2+ 33.
Kxa2 exd4 34. Rc1 d3 35. Kb2 Rd8 36. Kc3 a5 37. Kd2 Rd5 38. f4 a4 39. Nf2 h6
40. Nxd3 g5 41. hxg5 hxg5 42. Rxc2 gxf4 43. gxf4 Kf7 44. Rc7+ Kf6 45. Ra7 Rd4
46. Ra5 Rc4 47. Ke3 Ke6 48. Rxa4 1-0

[Event "Championnat de France - Open A"]
[Site "Pau"]
[Date "2008.08.19"]
[Round "7.59"]
[White "Robert, Bastien"]
[Black "Peyre, Thomas"]
[Result "1-0"]
[WhiteElo "2018"]
[BlackElo "1922"]
[PlyCount "67"]

1. d4 e6 2. c4 Nf6 3. Nf3 b6 4. g3 d5 5. Bg2 Bb7 6. O-O Be7 7. Nbd2 O-O 8. Qc2
Nbd7 9. b3 Rc8 10. Bb2 c5 11. Rfd1 Qc7 12. Rac1 Qb8 13. dxc5 Nxc5 14. Be5 Qa8
15. Qb2 Rfd8 16. cxd5 Bxd5 17. Nc4 Nce4 18. Ne3 Bb7 19. Rxd8+ Rxd8 20. b4 Rc8
21. Rd1 Rd8 22. Nd4 Ng5 23. h4 Nge4 24. Qb3 Qc8 25. f3 Nd6 26. Bh3 Nd5 27. Nxe6
Nxe3 28. Nxd8 Qxh3 29. Qxe3 Nf5 30. Qf4 Bxb4 31. Nxb7 h6 32. Rd8+ Kh7 33. Qxb4
Nxg3 34. Rh8+ 1-0

[Event "Championnat de France - Open A"]
[Site "Pau"]
[Date "2008.08.19"]
[Round "7.60"]
[White "Cruz, Manuel"]
[Black "Lachique, Francois"]
[Result "0-1"]
[WhiteElo "2001"]
[BlackElo "2104"]
[PlyCount "86"]

1. e4 e5 2. Nf3 Nc6 3. Bc4 Bc5 4. c3 Nf6 5. d3 d6 6. b4 Bb6 7. O-O O-O 8. Bb3
Ne7 9. h3 Ng6 10. Nbd2 a6 11. Nc4 Ba7 12. Ne3 Nf4 13. Qc2 N6h5 14. Kh2 g6 15.
g4 Ng7 16. Rg1 Be6 17. Nd5 Nxd5 18. exd5 Bd7 19. Bh6 f5 20. Qe2 fxg4 21. hxg4
Qf6 22. Bd1 Rae8 23. Qd2 Qd8 24. Rg2 Rf7 25. Ng5 Rf4 26. Nh3 Rff8 27. Ng5 Qe7
28. Kh1 c6 29. c4 cxd5 30. cxd5 Rc8 31. Rh2 Bd4 32. Nxh7 Bxa1 33. Bg5 Qe8 34.
Bf6 Qf7 35. Qh6 Qxf6 36. Nxf6+ Rxf6 37. g5 Rf4 38. Be2 Kf7 39. Qh7 Bf5 40. Kg2
Bd4 41. Kf1 Rc1+ 42. Kg2 Rxf2+ 43. Kg3 Rg1+ 0-1

[Event "Championnat de France - Open A"]
[Site "Pau"]
[Date "2008.08.19"]
[Round "7.61"]
[White "Jacquot, David"]
[Black "Baudon, Sebastien"]
[Result "0-1"]
[WhiteElo "2087"]
[BlackElo "2009"]
[PlyCount "54"]

1. d4 Nf6 2. Nf3 e6 3. Bg5 Be7 4. e3 b6 5. Bd3 Bb7 6. Nbd2 h6 7. Bh4 d6 8. O-O
Nbd7 9. e4 g5 10. Bg3 Nh5 11. Qe2 Nf8 12. e5 d5 13. c3 Ng6 14. Bxg6 fxg6 15.
Qd3 Kf7 16. Ne1 Kg7 17. f4 g4 18. Nc2 a5 19. b3 c5 20. Qe3 Ba6 21. Rfd1 Rf8 22.
c4 Bb7 23. Qe2 Nxf4 24. Bxf4 Rxf4 25. g3 Rf5 26. Qxg4 dxc4 27. Ne4 Qd5 0-1

[Event "Championnat de France - Open A"]
[Site "Pau"]
[Date "2008.08.19"]
[Round "7.62"]
[White "Vignier, Pascal"]
[Black "Forgues, Valerie"]
[Result "1/2-1/2"]
[WhiteElo "2068"]
[BlackElo "1999"]
[PlyCount "121"]

1. e4 e5 2. d4 exd4 3. Nf3 Nc6 4. Bc4 Nf6 5. e5 d5 6. Bb5 Ne4 7. O-O Bd7 8.
Bxc6 bxc6 9. Nxd4 Bc5 10. f3 Ng5 11. Kh1 Bb6 12. Nc3 O-O 13. Nde2 Bf5 14. Ng3
Bc8 15. f4 Ne6 16. f5 Nc5 17. Qg4 Kh8 18. Nh5 g6 19. Bh6 Rg8 20. Nf6 gxf5 21.
Qxg8+ Qxg8 22. Nxg8 Kxg8 23. Be3 Bd7 24. b4 Ne4 25. Nxe4 fxe4 26. Bxb6 cxb6 27.
Rf6 Be6 28. c3 a5 29. Rf4 axb4 30. cxb4 Ra3 31. Kg1 c5 32. bxc5 bxc5 33. Rc1 c4
34. Rc2 c3 35. Re2 Ra4 36. Kf2 Rc4 37. Rc2 d4 38. Rc1 d3 39. Ke3 Bd5 40. Rff1
c2 41. Ra1 Rc8 42. a3 Kf8 43. Kd2 Ke7 44. Rfe1 Ke6 45. a4 Kxe5 46. a5 Rg8 47.
g3 Ra8 48. a6 Ra7 49. Re3 Bc4 50. Ra4 Kd4 51. Rxe4+ Kxe4 52. Rxc4+ Kd5 53. Rc3
Rxa6 54. Rxd3+ Ke4 55. Re3+ Kf5 56. Rb3 Kg6 57. Rc3 Ra2 58. h3 h5 59. Rxc2
Rxc2+ 60. Kxc2 h4 61. gxh4 1/2-1/2

[Event "Championnat de France - Open A"]
[Site "Pau"]
[Date "2008.08.19"]
[Round "7.63"]
[White "Noizat, Pierre"]
[Black "Cao, Philippe"]
[Result "1-0"]
[WhiteElo "2045"]
[BlackElo "1991"]
[PlyCount "55"]

1. e4 c5 2. Na3 Nc6 3. Bb5 d6 4. c3 Bd7 5. f4 a6 6. Be2 Nf6 7. d3 g6 8. Nf3 Bg7
9. O-O O-O 10. Kh1 b5 11. Nc2 Qc7 12. Ne3 Ng4 13. Nd5 Qd8 14. h3 Nf6 15. Ne3 e6
16. e5 Nh5 17. Qe1 Nxf4 18. exd6 Nxe2 19. Qxe2 Qb8 20. Ng4 Qxd6 21. Nh6+ Kh8
22. Ng5 Bxh6 23. Ne4 Qe7 24. Bxh6 Rfc8 25. Rxf7 Qxf7 26. Rf1 Qe8 27. Qf2 e5 28.
Qf6+ 1-0

[Event "Championnat de France - Open A"]
[Site "Pau"]
[Date "2008.08.19"]
[Round "7.64"]
[White "Moullier, Igor"]
[Black "Cheron, Stephane"]
[Result "1/2-1/2"]
[WhiteElo "2041"]
[BlackElo "1990"]
[PlyCount "38"]

1. d4 d5 2. c4 e5 3. dxe5 d4 4. e4 Nc6 5. f4 Bb4+ 6. Bd2 Qe7 7. Nf3 Bg4 8. a3
Bxd2+ 9. Nbxd2 a5 10. Bd3 f6 11. exf6 Qxf6 12. h3 Bd7 13. f5 Qh6 14. Qe2 Nf6
15. O-O-O Nh5 16. Qf2 Nf4 17. Bb1 d3 18. Rde1 Qf6 19. e5 Qxf5 1/2-1/2

[Event "Championnat de France - Open A"]
[Site "Pau"]
[Date "2008.08.19"]
[Round "7.65"]
[White "Hodot, Yves"]
[Black "Sauvadet, Herve"]
[Result "0-1"]
[WhiteElo "1963"]
[BlackElo "2041"]
[PlyCount "118"]

1. e4 e5 2. Nf3 Nc6 3. Bc4 Nf6 4. Ng5 d5 5. exd5 Na5 6. Bb3 Nxb3 7. axb3 h6 8.
Nf3 e4 9. Qe2 Be7 10. Nd4 Qxd5 11. Nb5 Qd8 12. h3 a6 13. N5c3 Bf5 14. Na3 O-O
15. Nc4 Re8 16. Ne3 Bg6 17. g4 c6 18. h4 h5 19. gxh5 Nxh5 20. Rg1 Qd7 21. Qc4
b5 22. Qf1 Bxh4 23. b4 Be7 24. b3 Red8 25. Qg2 Bf6 26. Rh1 Qe6 27. Bb2 Qd6 28.
O-O-O Qxb4 29. Kb1 Qe7 30. Qh3 b4 31. Na4 Bxb2 32. Nxb2 a5 33. Nf5 Qe6 34. Qg4
Qxf5 35. Qxf5 Bxf5 36. Rxh5 Bg4 37. Rhh1 Bxd1 38. Rxd1 Rd5 39. Nc4 Rd4 40. Kc1
Ra6 41. Nb2 f5 42. Rh1 c5 43. d3 exd3 44. cxd3 Rg6 45. Kd2 Kf7 46. Ra1 Ra6 47.
Rc1 Rd5 48. Ra1 Rd8 49. Ke3 g5 50. Kf3 Kf6 51. Rh1 g4+ 52. Ke2 Re6+ 53. Kf1 Kg5
54. Rh7 Rde8 55. Rc7 Re1+ 56. Kg2 Rb1 57. Na4 Ree1 58. f4+ Kxf4 59. Rxc5 Re2#
0-1

[Event "Championnat de France - Open A"]
[Site "Pau"]
[Date "2008.08.19"]
[Round "7.66"]
[White "Brih, Touatia"]
[Black "Batteux, Mickael"]
[Result "1/2-1/2"]
[WhiteElo "1934"]
[BlackElo "2030"]
[PlyCount "38"]

1. e4 e6 2. d4 d5 3. Nc3 Nf6 4. e5 Nfd7 5. Nce2 c5 6. f4 Nc6 7. Nf3 f6 8. c3
fxe5 9. fxe5 cxd4 10. cxd4 Bb4+ 11. Nc3 O-O 12. Bd3 Rxf3 13. Qxf3 Qh4+ 14. Qg3
Qxd4 15. Bxh7+ Kxh7 16. Qh3+ Kg8 17. Qxe6+ Kh7 18. Qh3+ Kg8 19. Qe6+ Kh7
1/2-1/2

[Event "Championnat de France - Open A"]
[Site "Pau"]
[Date "2008.08.19"]
[Round "7.67"]
[White "Pradere, Anthony"]
[Black "Achereiner, Guillaume"]
[Result "0-1"]
[WhiteElo "1930"]
[BlackElo "2025"]
[PlyCount "106"]

1. e4 e6 2. d4 d5 3. Nc3 Nf6 4. Bg5 Bb4 5. e5 h6 6. Bd2 Bxc3 7. bxc3 Ne4 8. Qg4
g6 9. Bd3 Nxd2 10. Kxd2 c5 11. f4 cxd4 12. cxd4 Nc6 13. Ne2 Qa5+ 14. c3 b5 15.
a3 Rb8 16. Rhb1 Bd7 17. h4 Kd8 18. Qf3 a6 19. g3 Rc8 20. Qe3 Ne7 21. g4 h5 22.
g5 Rc7 23. Bc2 Nc8 24. Rb4 Nb6 25. Bb3 Ke7 26. Qd3 Rhc8 27. Qc2 Nc4+ 28. Bxc4
Rxc4 29. Qb2 Qb6 30. a4 a5 31. Rxc4 Rxc4 32. axb5 a4 33. Rb1 Ke8 34. Kd3 Rc7
35. Nc1 Rb7 36. Na2 Bxb5+ 37. Kd2 Qc6 38. Ke3 Qc4 39. Qd2 Rc7 40. Rc1 a3 41.
Nb4 Qb3 42. Rc2 Ra7 43. Na2 Bc4 44. Qc1 Ra4 45. Kd2 Ba6 46. Ke3 Bb5 47. Qd2 Bc4
48. Qc1 Ra8 49. Kd2 Rb8 50. Nb4 Rxb4 51. cxb4 Qd3+ 52. Ke1 Qf1+ 53. Kd2 Qe2+
0-1

[Event "Championnat de France - Open A"]
[Site "Pau"]
[Date "2008.08.19"]
[Round "7.69"]
[White "Le Montagner, Yoann"]
[Black "Charpentier, Denis"]
[Result "0-1"]
[WhiteElo "2014"]
[BlackElo "1974"]
[PlyCount "110"]

1. e4 c6 2. d4 d5 3. exd5 cxd5 4. c4 Nf6 5. Nc3 Nc6 6. Nf3 Bg4 7. cxd5 Nxd5 8.
Qb3 Bxf3 9. Qxb7 Ndb4 10. Bf4 e5 11. Bxe5 Nxe5 12. Bb5+ Nd7 13. gxf3 Rc8 14.
O-O Qc7 15. Qe4+ Kd8 16. a3 Nf6 17. Qf5 Nc6 18. Rfe1 Bd6 19. Nd5 Bxh2+ 20. Kh1
Nxd5 21. Qxd5+ Qd6 22. Qg5+ Ne7 23. Rxe7 Qxe7 24. Qxg7 Kc7 25. Rc1+ Kb7 26.
Bc6+ Rxc6 27. Rxc6 Kxc6 28. Qxh8 Qh4 29. Qe8+ Kb6 30. Kg2 Bd6 31. Qxf7 Qg5+ 32.
Kh3 Qh6+ 33. Kg4 Qd2 34. Qf6 Kc6 35. Qg7 Kb6 36. Qf6 Kc6 37. Qg7 a6 38. d5+
Kxd5 39. Qb7+ Ke5 40. f4+ Kf6 41. Qc8 Qd1+ 42. Kg3 Qd3+ 43. Kg4 Qg6+ 44. Kf3
Qh5+ 45. Kg3 Qg5+ 46. Kh3 Qf5+ 47. Qxf5+ Kxf5 48. Kh4 Kxf4 49. Kh5 Bf8 50. b4
Kf3 51. a4 Bxb4 52. Kh6 Kxf2 53. Kxh7 Ke3 54. Kg6 Kd4 55. Kf5 a5 0-1

[Event "Championnat de France - Open A"]
[Site "Pau"]
[Date "2008.08.19"]
[Round "7.71"]
[White "Lambert, Thierry"]
[Black "Licayan, Albert"]
[Result "0-1"]
[WhiteElo "2000"]
[BlackElo "2139"]
[PlyCount "76"]

1. d4 Nf6 2. c4 c5 3. d5 b5 4. cxb5 a6 5. bxa6 Bxa6 6. Nc3 d6 7. f4 g6 8. Nf3
Bg7 9. e4 Bxf1 10. Rxf1 O-O 11. e5 dxe5 12. fxe5 Ng4 13. Qe2 Nd7 14. e6 Nde5
15. Ng5 f6 16. Nf7 Qc7 17. h3 Nh2 18. d6 exd6 19. Rh1 Nxf7 20. exf7+ Qxf7 21.
Kd1 Rfe8 22. Qd3 d5 23. Rxh2 d4 24. Ne2 c4 25. Qf3 Qe6 26. Rh1 g5 27. Ng3 Ra5
28. Bd2 Re5 29. Rc1 Qa6 30. Ra1 c3 31. bxc3 Qa4+ 32. Kc1 Bf8 33. a3 Bxa3+ 34.
Rxa3 Qxa3+ 35. Kc2 dxc3 36. Bxc3 Qa2+ 37. Kc1 Rb5 38. Qd3 Reb8 0-1

[Event "Championnat de France - Open A"]
[Site "Pau"]
[Date "2008.08.19"]
[Round "7.72"]
[White "Bornhauser, Eric"]
[Black "Dube, Dimitri"]
[Result "1-0"]
[WhiteElo "1985"]
[BlackElo "2124"]
[PlyCount "69"]

1. e4 Nc6 2. Nf3 e5 3. Bb5 Nf6 4. O-O d6 5. Re1 Be7 6. c4 O-O 7. Bxc6 bxc6 8.
d4 exd4 9. Nxd4 Bd7 10. Nc3 Re8 11. Bg5 h6 12. Bf4 Ng4 13. Nxc6 Qc8 14. Nxe7+
Rxe7 15. f3 Ne5 16. Bxe5 Rxe5 17. Qd2 Rc5 18. b3 a5 19. Qd4 Qe8 20. Nd5 Qe5 21.
Qxe5 dxe5 22. Kf2 Kf8 23. Ke2 a4 24. Kd3 a3 25. b4 Rc6 26. Rf1 Rb8 27. Rf2 Rd6
28. Kc3 Rb7 29. Rb1 Ba4 30. Rd2 g6 31. c5 Rc6 32. Re1 Rb8 33. Ne3 Ra6 34. Nc4
f6 35. Nxa3 1-0

[Event "Championnat de France - Open A"]
[Site "Pau"]
[Date "2008.08.19"]
[Round "7.73"]
[White "Kirk, Jason"]
[Black "Lamouille, Patrick"]
[Result "0-1"]
[WhiteElo "1979"]
[BlackElo "2052"]
[PlyCount "63"]

1. d4 Nf6 2. c4 e6 3. Nc3 Bb4 4. Qc2 O-O 5. a3 Bxc3+ 6. Qxc3 Ne4 7. Qc2 d5 8.
Nf3 b6 9. Bf4 c5 10. e3 Nc6 11. cxd5 exd5 12. Bd3 Bf5 13. Qd1 Bg4 14. h3 Bh5
15. g4 Bg6 16. h4 h5 17. Ne5 Nxe5 18. dxe5 c4 19. Bc2 Nc5 20. Bxg6 fxg6 21. Qd4
Nb3 22. Qc3 Nxa1 23. gxh5 gxh5 24. Rg1 Rc8 25. Bg5 Qd7 26. Bf6 Rf7 27. e6 Qxe6
28. Bxg7 d4 29. Bxd4+ Kh7 30. Qc1 Qd5 31. Qd2 Nb3 32. Qe2 0-1

[Event "Championnat de France - Open A"]
[Site "Pau"]
[Date "2008.08.19"]
[Round "7.74"]
[White "Vaillant, Stephane"]
[Black "Chizelle, Bernard"]
[Result "1/2-1/2"]
[WhiteElo "2016"]
[BlackElo "1960"]
[PlyCount "30"]

1. d4 Nf6 2. Nf3 g6 3. c4 Bg7 4. Nc3 O-O 5. e4 d6 6. Be2 c5 7. d5 e6 8. O-O
exd5 9. exd5 a6 10. h3 Nbd7 11. Bf4 Qc7 12. Re1 Nb6 13. Bd3 Bd7 14. Qc2 Rae8
15. Rad1 Rxe1+ 1/2-1/2

[Event "Championnat de France - Open A"]
[Site "Pau"]
[Date "2008.08.19"]
[Round "7.75"]
[White "Auvray, Simon"]
[Black "Zaninetti, Laurent"]
[Result "0-1"]
[WhiteElo "1920"]
[BlackElo "2013"]
[PlyCount "72"]

1. e4 g6 2. d4 d6 3. Nc3 c6 4. f4 d5 5. e5 h5 6. Nf3 Bg4 7. Bd3 Nh6 8. h3 Bxf3
9. Qxf3 Nf5 10. Be3 e6 11. O-O-O h4 12. g4 hxg3 13. Bxf5 gxf5 14. Rdg1 Qa5 15.
Rxg3 Nd7 16. Rhg1 O-O-O 17. Kb1 Nb6 18. a3 Bxa3 19. bxa3 Qxc3 20. Bf2 Qa5 21.
Be1 Qa4 22. Rg7 Qxd4 23. Bf2 Nc4 24. Bxd4 Nd2+ 25. Kb2 Nxf3 26. Rd1 Nxd4 27.
Rxd4 Rdf8 28. Rd3 Rh4 29. Rdg3 Kd7 30. Rg8 Ke7 31. Rxf8 Kxf8 32. Rb3 b6 33. Rc3
c5 34. Rf3 Ke7 35. Kc3 f6 36. exf6+ Kxf6 0-1

[Event "Championnat de France - Open A"]
[Site "Pau"]
[Date "2008.08.19"]
[Round "7.76"]
[White "Hirt, Jean"]
[Black "Deschler, Fabrice"]
[Result "0-1"]
[WhiteElo "2053"]
[BlackElo "2141"]
[PlyCount "62"]

1. e4 c5 2. Nc3 a6 3. a4 Nc6 4. g3 g6 5. Bg2 Bg7 6. d3 d6 7. Nge2 e5 8. O-O
Nge7 9. Be3 Nd4 10. Qd2 Bg4 11. f3 Be6 12. f4 Qd7 13. Nd5 Nxd5 14. exd5 Bg4 15.
Nc3 O-O 16. fxe5 Bxe5 17. Bh6 Bg7 18. Ne4 f5 19. Bxg7 Kxg7 20. Nc3 Rae8 21. Rf2
b5 22. axb5 axb5 23. h3 Bh5 24. Ra6 b4 25. Ne4 fxe4 26. Rxf8 Rxf8 27. g4 Nf3+
28. Bxf3 Rxf3 29. Qh2 Qf7 30. Qe2 Qf4 31. Qg2 Rg3 0-1

[Event "Championnat de France - Open A"]
[Site "Pau"]
[Date "2008.08.19"]
[Round "7.77"]
[White "Suez-Panama, Gilles"]
[Black "Armand, Jerome"]
[Result "1/2-1/2"]
[WhiteElo "2093"]
[BlackElo "2020"]
[PlyCount "126"]

1. d4 Nf6 2. Nf3 d5 3. c4 e6 4. g3 c6 5. Bg2 dxc4 6. O-O Be7 7. Ne5 O-O 8. Nc3
b5 9. Nxb5 Qb6 10. Nc3 Qa6 11. Qa4 Qxa4 12. Nxa4 Rd8 13. e3 Ba6 14. Rd1 Nd5 15.
Bf1 f6 16. Nxc4 Nd7 17. a3 Bb5 18. Nc3 Nxc3 19. bxc3 Ba4 20. Rd2 c5 21. Rb2
cxd4 22. cxd4 e5 23. Na5 Nb6 24. Rd2 Kf8 25. Bb2 Rac8 26. Ba6 Rc7 27. Rc1 Rxc1+
28. Bxc1 e4 29. Bb7 f5 30. Nc6 Bxc6 31. Bxc6 Rc8 32. Rc2 Bd6 33. Ba4 Rxc2 34.
Bxc2 Nc4 35. a4 Bb4 36. Kg2 Nd2 37. Bd1 Ke7 38. f3 Kd6 39. fxe4 fxe4 40. Bxd2
Bxd2 41. Kf2 h6 42. Bh5 Ke6 43. Bg6 Kd5 44. Bf7+ Kd6 45. Bg6 Kd5 46. Bf5 a5 47.
Bg6 Bc1 48. Ke2 Bb2 49. h4 Ba3 50. h5 Bd6 51. Bf7+ Kc6 52. Kf2 Be7 53. Bg6 Kd5
54. g4 Bg5 55. Ke2 Be7 56. Kd2 Bg5 57. Bf5 Be7 58. Bc8 Kc6 59. Bf5 Kd5 60. Bh7
Bg5 61. Bg8+ Kd6 62. Bh7 Kd5 63. Bg8+ Kd6 1/2-1/2

[Event "Championnat de France - Open A"]
[Site "Pau"]
[Date "2008.08.19"]
[Round "7.78"]
[White "Cartigny, Patrick"]
[Black "Busson, Benoist"]
[Result "0-1"]
[WhiteElo "2020"]
[BlackElo "2028"]
[PlyCount "54"]

1. e4 e5 2. Bc4 Nf6 3. d3 Nc6 4. Nf3 Be7 5. c3 O-O 6. O-O d6 7. Bb3 h6 8. Nbd2
Nh7 9. Re1 Kh8 10. Nf1 f5 11. exf5 Bxf5 12. Ne3 Bg6 13. Nd5 Bh5 14. Nxe7 Nxe7
15. d4 Bxf3 16. gxf3 exd4 17. Qxd4 Nf5 18. Qg4 Qh4 19. Bc2 h5 20. Qg6 Rf6 21.
Re8+ Rxe8 22. Qxe8+ Nf8 23. Bxf5 Rxf5 24. Qe4 Qh3 25. Be3 Rf6 26. f4 d5 27.
Qxd5 c6 0-1

[Event "Championnat de France - Open A"]
[Site "Pau"]
[Date "2008.08.20"]
[Round "8.1"]
[White "Lambert, Romain"]
[Black "Zarrouati, Pierre"]
[Result "1/2-1/2"]
[WhiteElo "1953"]
[BlackElo "2188"]
[PlyCount "105"]

1. d4 Nf6 2. c4 g6 3. Nc3 d5 4. cxd5 Nxd5 5. e4 Nxc3 6. bxc3 Bg7 7. Bc4 c5 8.
Ne2 Nc6 9. Be3 cxd4 10. cxd4 b5 11. Bd5 Bd7 12. O-O e6 13. Bxc6 Bxc6 14. d5
exd5 15. Rc1 Bb7 16. Qb3 O-O 17. Qxb5 d4 18. Nxd4 Bxe4 19. Nc6 Qd7 20. f3 Bd3
21. Ne7+ Qxe7 22. Qxd3 Rfd8 23. Qe4 Qa3 24. Rc7 Qxa2 25. Rfc1 a5 26. h4 Qb3 27.
Bg5 Bf6 28. Bxf6 Qb6+ 29. Kh2 Qxf6 30. R1c6 Qf5 31. Qxf5 gxf5 32. Rf6 Rf8 33.
Rxf5 a4 34. Rc1 Rfb8 35. Rd5 Rb2 36. Rg5+ Kh8 37. Rc7 a3 38. Rxf7 Rb6 39. Rgg7
Rh6 40. Ra7 Rxh4+ 41. Kg3 Ra4 42. Rxh7+ Kg8 43. Rxa8+ Rxa8 44. Rh1 Kf7 45. Kf4
Ke6 46. Ke4 Rg8 47. g4 Ra8 48. f4 Ra4+ 49. Kf3 a2 50. Ra1 Ra3+ 51. Ke4 Ra4+ 52.
Kf3 Ra3+ 53. Ke4 1/2-1/2

[Event "Championnat de France - Open A"]
[Site "Pau"]
[Date "2008.08.20"]
[Round "8.2"]
[White "Marcantoni, Herve"]
[Black "Chamaillard, Sylvain"]
[Result "1/2-1/2"]
[WhiteElo "2198"]
[BlackElo "2109"]
[PlyCount "58"]

1. e4 e5 2. Nf3 Nc6 3. Bb5 a6 4. Ba4 b5 5. Bb3 Na5 6. O-O d6 7. d4 Nxb3 8. axb3
f6 9. c4 b4 10. h3 c5 11. d5 g6 12. Nh2 Bh6 13. f4 Bxf4 14. Bxf4 exf4 15. Rxf4
Nh6 16. Nd2 O-O 17. Qf1 Kg7 18. Re1 Qe7 19. Rf2 Bd7 20. Qe2 a5 21. Qe3 Rae8 22.
Ndf3 Nf7 23. Qd2 a4 24. bxa4 Bxa4 25. g4 Ne5 26. Nxe5 fxe5 27. Ref1 Rxf2 28.
Rxf2 Bd7 29. Qe3 Rf8 1/2-1/2

[Event "Championnat de France - Open A"]
[Site "Pau"]
[Date "2008.08.20"]
[Round "8.3"]
[White "Buscara, Sevan"]
[Black "Dionisi, Thomas"]
[Result "1-0"]
[WhiteElo "2159"]
[BlackElo "2067"]
[PlyCount "87"]

1. d4 g6 2. e4 Bg7 3. Nc3 c6 4. Be3 d5 5. e5 Nh6 6. f4 Bg4 7. Qd2 Be6 8. Nf3
Nf5 9. Bf2 h5 10. Bd3 Qa5 11. Ng5 Bd7 12. O-O-O Na6 13. h3 h4 14. Qe2 e6 15.
Bxf5 gxf5 16. Qe1 Qc7 17. Bxh4 c5 18. g4 fxg4 19. hxg4 Bh6 20. Kb1 Bc6 21. f5
O-O-O 22. fxe6 Bxg5 23. Bxg5 Rdg8 24. Rxh8 Rxh8 25. e7 Qd7 26. Bf6 Rg8 27. g5
Qe6 28. Qe3 c4 29. Ne2 Nc7 30. Ng3 Qd7 31. Rf1 Ne8 32. Nf5 Qe6 33. Qh3 Bd7 34.
Qh6 Qxf5 35. Rxf5 Bxf5 36. Qf8 Bh7 37. e6 fxe6 38. g6 Kd7 39. g7 b5 40. Qf7 b4
41. Kc1 Kd6 42. Be5+ Kd7 43. Qh5 Bf5 44. Qh8 1-0

[Event "Championnat de France - Open A"]
[Site "Pau"]
[Date "2008.08.20"]
[Round "8.4"]
[White "Brongers, Henk"]
[Black "Ferry, Roger"]
[Result "1-0"]
[WhiteElo "2070"]
[BlackElo "2120"]
[PlyCount "67"]

1. e4 e6 2. d4 d5 3. Nc3 Bb4 4. e5 c5 5. a3 Ba5 6. Qg4 Kf8 7. dxc5 Bxc3+ 8.
bxc3 h5 9. Qf4 Nc6 10. Bd2 g5 11. Qe3 Qc7 12. Qxg5 Qxe5+ 13. Qxe5 Nxe5 14. f4
Nc4 15. Nf3 Bd7 16. Bxc4 dxc4 17. Ne5 Bc6 18. Nxc6 bxc6 19. Rb1 Nf6 20. Be3 Kg7
21. Bd4 Rhb8 22. Ke2 Kg6 23. Be5 Rxb1 24. Rxb1 Nd5 25. Rb7 f6 26. Bd6 Nxc3+ 27.
Ke3 a5 28. Rb6 Nb5 29. a4 Nc3 30. Kd4 Nd5 31. Rxc6 Ra7 32. Bb8 Rb7 33. Rxe6
Nxf4 34. Bxf4 1-0

[Event "Championnat de France - Open A"]
[Site "Pau"]
[Date "2008.08.20"]
[Round "8.6"]
[White "Iglesias, Joachim"]
[Black "Poignot, Quentin"]
[Result "1-0"]
[WhiteElo "2187"]
[BlackElo "2087"]
[PlyCount "48"]

1. d4 Nf6 2. Nf3 c5 3. e3 g6 4. dxc5 Qa5+ 5. Nbd2 Qxc5 6. a3 Bg7 7. b4 Qc7 8.
Bb2 O-O 9. Be2 d5 10. c4 dxc4 11. Bxc4 Bg4 12. Rc1 Qd7 13. Qb3 Nc6 14. Ng5 Rad8
15. Bxf7+ Kh8 16. Ndf3 Bxf3 17. Nxf3 Qg4 18. O-O Ne4 19. Rfd1 Rxd1+ 20. Rxd1
Nd6 21. Be6 Qh5 22. Bxg7+ Kxg7 23. Qc3+ Rf6 24. g4 Ne4 1-0

[Event "Championnat de France - Open A"]
[Site "Pau"]
[Date "2008.08.20"]
[Round "8.7"]
[White "Marciniak, Alexandre"]
[Black "Baudson, Charles"]
[Result "1/2-1/2"]
[WhiteElo "2186"]
[BlackElo "2041"]
[PlyCount "39"]

1. e4 e6 2. d4 d5 3. Nd2 Nf6 4. e5 Nfd7 5. c3 c5 6. Bd3 Nc6 7. Ne2 cxd4 8. cxd4
Qb6 9. Nf3 Bb4+ 10. Bd2 O-O 11. O-O Bxd2 12. Qxd2 f6 13. exf6 Nxf6 14. Rae1 Kh8
15. Bb1 Qc7 16. Ng3 Bd7 17. Ne5 Rae8 18. Nh1 Qb6 19. Nxc6 Bxc6 20. f3 1/2-1/2

[Event "Championnat de France - Open A"]
[Site "Pau"]
[Date "2008.08.20"]
[Round "8.8"]
[White "Quenehen, Marc"]
[Black "Derieux, Christian"]
[Result "0-1"]
[WhiteElo "2084"]
[BlackElo "2149"]
[PlyCount "60"]

1. d4 Nf6 2. c4 c5 3. Nf3 cxd4 4. Nxd4 e5 5. Nb5 d5 6. cxd5 Bc5 7. g3 O-O 8.
N5c3 Bf5 9. Bg2 e4 10. O-O Nbd7 11. Bg5 h6 12. Bxf6 Nxf6 13. e3 Qd7 14. Nd2
Rfe8 15. Rc1 Rac8 16. a3 b5 17. Nb3 Bh3 18. Qe2 a6 19. Rfe1 Bxg2 20. Kxg2 Re5
21. Nxc5 Rxc5 22. h4 Qd6 23. Red1 Nd7 24. Rd4 f5 25. b4 Rc7 26. Rd2 Re8 27.
Rdc2 Rec8 28. Qd2 Ne5 29. Ne2 Nc4 30. Qd1 g5 0-1

[Event "Championnat de France - Open A"]
[Site "Pau"]
[Date "2008.08.20"]
[Round "8.9"]
[White "Migot, Tanguy"]
[Black "Renaudin, Mathieu"]
[Result "0-1"]
[WhiteElo "2050"]
[BlackElo "2146"]
[PlyCount "92"]

1. e4 e6 2. d4 d5 3. Nc3 Bb4 4. e5 c5 5. a3 cxd4 6. axb4 dxc3 7. Nf3 Ne7 8. Bd3
Nd7 9. Qe2 Qc7 10. O-O Nc6 11. bxc3 Ncxe5 12. Bf4 Nxf3+ 13. Qxf3 Qxc3 14. Bd6
Qf6 15. Qg3 e5 16. Bxe5 Nxe5 17. Rfe1 O-O 18. Qxe5 Qxe5 19. Rxe5 Rd8 20. Ra5 f6
21. Raxd5 Rxd5 22. Rxd5 Be6 23. Rd6 Re8 24. f4 g6 25. Kf2 Kf7 26. Be4 Rc8 27.
Ke3 Ke7 28. Rd1 Rc3+ 29. Bd3 Ra3 30. Kd4 b6 31. Rb1 Kd6 32. g3 Bd7 33. Be4 Bc6
34. Bd3 Bd7 35. h4 Bg4 36. c3 Ra2 37. c4 Rd2 38. Ra1 Bf5 39. Ra3 a5 40. g4
Rxd3+ 41. Rxd3 Bxd3 42. Kxd3 axb4 43. Kc2 f5 44. g5 Kc6 45. Kb2 b5 46. Kb3 Kc5
0-1